Charakterizácia aromatického profilu vín rôznych odrôd Vitis vinifera L. s využitím metód plynovej chromatografie dizertačná práca

Saved in:
Bibliographic Details
Main Author: Makyšová, Katarína
Format: Book
Language:Slovak
Published: Bratislava STU FCHPT 2016
Online Access:View in OPAC
Tags: Add Tag
No Tags, Be the first to tag this record!

MARC

LEADER 00000nam a2200000 a 4500
005 20260127133958.0
008 170327 2016 xo 001 0 slo d
035 |a vtls011620203 
039 9 |a 201703271136  |b mschk03  |y 201703270938  |z mschk03 
040 |a STUSCHK1  |b slo  |c STUSCHK1  |e AACR2 
100 1 |a Makyšová, Katarína 
245 1 |a Charakterizácia aromatického profilu vín rôznych odrôd Vitis vinifera L. s využitím metód plynovej chromatografie  |b dizertačná práca  |c Katarína Makyšová 
260 |a Bratislava  |b STU FCHPT  |c 2016 
300 |a 70 s.  |b il.  |c 25 cm 
500 |a Študijný program: analytická chémia 
500 |a Študijný odbor: analytická chémia 
500 |a Školiace pracovisko: Ústav analytickej chémie 
500 |a Evid. číslo: FCHPT-20517-50114 
910 |a SCHK95 
999 |c 1365  |d 1365